Countries Closest to Yemen - One Minute Sprint - Statistics

General Stats
  • This quiz has been taken 295 times
  • The average score is 15 of 20
Answer Stats
km country miles % Correct
0 Oman 0
98%
0 Saudi Arabia 0
98%
442 United Arab Emirates 275
92%
839 Egypt 521
88%
615 Qatar 382
88%
1212 Iraq 753
87%
133 Somalia 83
87%
29 Eritrea 18
82%
109 Ethiopia 68
82%
858 Iran 533
82%
20 Djibouti 13
81%
1106 Kuwait 687
80%
771 Bahrain 479
79%
480 Sudan 298
78%
1493 Jordan 928
76%
1070 South Sudan 665
64%
985 Kenya 612
62%
1206 Pakistan 750
47%
1504 Afghanistan 935
34%
1397 Uganda 868
34%
No matching quizzes found
Score Distribution
Percent of People with Each Score
Percentile by Number Answered
Your Score History
You have not taken this quiz